3 Most Famous Cities in Sao Tome and Principe on a Map - Statistics

General Stats
  • This quiz has been taken 88 times
  • The average score is 2 of 3
Answers on the Map
Answers color-coded by a green-red scale on the quiz's map according to % correct below.
 
Answer Stats
Wiki Monthly Views Cityquiz Mention Rate Population Answers % Correct
19.94K 23.41% 66.89K São Tomé
100%
1.34K 0.45% 2.58K Santo António
30%
0.43K 0.38% 8.39K Neves
23%
No matching quizzes found
Score Distribution
Percent of People with Each Score
Percentile by Number Answered
Your Score History
You have not taken this quiz